Brighton on the crest of a new wave (Record no. 65016)

MARC details
000 -LEADER
fixed length control field 00963cam a2200229 4500
001 - CONTROL NUMBER
control field ABS62996
008 - FIXED-LENGTH DATA ELEMENTS--GENERAL INFORMATION
fixed length control field 000000n2000 000 0 eng u
035 ## - SYSTEM CONTROL NUMBER
System control number (Sirsi) u108903
100 ## - MAIN ENTRY--PERSONAL NAME
Personal name Ledbury, M.
245 ## - TITLE STATEMENT
Title Brighton on the crest of a new wave
260 ## - PUBLICATION, DISTRIBUTION, ETC.
Date of publication, distribution, etc. 2000
490 ## - SERIES STATEMENT
Series statement Urban Environment Today
Volume/sequential designation (106) 5 October 2000, 12-13(2)
520 ## - SUMMARY, ETC.
Summary, etc. Brighton has been one of the most successful English seaside resorts in recent years. Traces its transition from holiday resort to conference destination and more recently a centre for new media companies. It is currently suffering from a severe shortage of space to expand, and particularly a lack of large office space. Looks at ideas and options for its future development.
590 ## - LOCAL NOTE (RLIN)
Local note ABS
650 ## - SUBJECT ADDED ENTRY--TOPICAL TERM
Topical term or geographic name entry element BRIGHTON
650 ## - SUBJECT ADDED ENTRY--TOPICAL TERM
Topical term or geographic name entry element MEDIA INDUSTRY
650 ## - SUBJECT ADDED ENTRY--TOPICAL TERM
Topical term or geographic name entry element FUTURE
650 ## - SUBJECT ADDED ENTRY--TOPICAL TERM
Topical term or geographic name entry element DEVELOPMENT SCHEMES
650 ## - SUBJECT ADDED ENTRY--TOPICAL TERM
Topical term or geographic name entry element URBAN DEVELOPMENT
690 ## - LOCAL SUBJECT ADDED ENTRY--TOPICAL TERM (OCLC, RLIN)
Topical term or geographic name as entry element PROPERTY-PROPERTY DEVELOPMENT
942 ## - ADDED ENTRY ELEMENTS (KOHA)
Suppress in OPAC 0
Holdings
Withdrawn status Lost status Source of classification or shelving scheme Damaged status Not for loan Home library Current library Shelving location Date acquired Total Checkouts Full call number Barcode Date last seen Copy number Price effective from Koha item type
    Dewey Decimal Classification     London London Journal article 23/10/2000   ABS62996 108903-1001 06/08/2019 1 06/08/2019 Journal article